| 000 | 00625nam a22001577a 4500 | ||
|---|---|---|---|
| 003 | OSt | ||
| 005 | 20151002091454.0 | ||
| 008 | 151002b xxu||||| |||| 00| 0 eng d | ||
| 040 | _cRUA | ||
| 082 | _aAVM ទំុ 1989 B065 Or.1 | ||
| 100 |
_91712 _aទំុ សេដ្ឋា |
||
| 245 | _aជំងឺរលាកក្រពះ ពោះវៀន កូនជ្រូកនិមិត្តហេតុ កំហាតបង់ផ្នែក សេដ្ឋកិច្ច និង វិធានការ ការពាារ | ||
| 260 |
_aPhnom Penh _bRUA _c1989 |
||
| 300 |
_a85p. _bill. _c29cm. |
||
| 942 |
_2ddc _cAVM |
||
| 999 |
_c1616 _d1616 |
||